000 00911nam0a2200301 4500
001 RU\NLR\bibl\82634
005 20250616104835.0
010 _a5-86290-349-6
_bВнешсигма
010 _a5-237-02970-1
_bАСТ
_910000
021 _aRU
_b1999-51520
_92553
035 _a(NLR Aleph) 000080698
090 _a449184
_c449184
100 _a20000427d1999 |||y0rusy50 ca
101 0 _arus
102 _aRU
105 _aa |||||||||
200 1 _aЯ сама делаю выкройки
_f[Ред.-сост.: Устинова Е.]
210 _aМ.
_cВнешсигма
_cАСТ
_d1999
215 _a200 с.
_cил.
_d22
606 0 _aКройка и шитье
_9955861
_3RU\NLR\auth\66356218
686 _aМ481
702 1 _aУстинова
_bЕ.
_4220
801 0 _aRU
_bNLR
_c20000427
_gPSBO
801 1 _aRU
_bNLR
_c20000427
852 _aNLR
_j2000-5/482
942 _cBOOK
980 _aNB